000 01151nam a2200301 i 4500
003 EG-GICUC
005 20260121101530.0
008 251221s2002 ua ||||fr|||| 00| 0 ara d
040 _a EG-GICUC
_bara
_c EG-GICUC
_d EG-GICUC
_erda
041 0 _aara
082 0 4 _221
_a345.32
_bي س . م
092 0 4 _221
099 _aLaw1 07 345.32 ي س . م
100 0 _aيسري محمد العصار
_eمؤلف.
245 1 0 _aمبادئ القانون الإداري :
_bالمرافق العامة وسائل النشاط الإداري /
_cدكتور يسري محمد العصار.
264 1 _aالقاهرة :
_bدار النهضة العربية،
_c2002.
300 _a119 ؛صفحة
_c24 سم.
336 _2rda content
_atext
337 _2rda media
_aComputer
338 _2rda carrier
_aOnline Resource
504 _aيشتمل على إرجاعات ببليوجرافية.
546 _aالنص باللغة العربية
650 1 4 _aالمرافق العامة
650 1 4 _aالقانون الإداري
856 4 0 _uhttps://fll.law.cu.edu.eg/fulltext/bks/B07-01330.pdf
905 _a32
_eYara
942 _2ddc
_n0
_cBK
_e21
999 _c52072
_d52072